000 01283nam a2200313 i 4500
003 EG-GICUC
005 20260423113023.0
008 260423s1921 fr fr|||| 001 0 fre d
040 _aEG-GiCUC
_bfre
_cEG-GiCUC
_dEG-GiCUC
_eRda
041 0 _afre
082 0 4 _221
_a343.5
_bTR . D
092 0 4 _221
099 _aLaw1 10 343.5 TR . D 1 ed - 1921
100 1 _a Travers. Maurice,
_eAuteur
245 _a Le Droit Pénal International Et Sa Mise En Œuvre:
_b En Temps De Paix Et En Temps De Guerre /
_c Par Maurice Travers.
_n TOME III.
246 1 _aMise en œuvre de la loi pénale. Actes à accomplir sur la territoire. Actes accomplis à l'étranger en exécution d'ane loi pénale étrangère poursuites et décisions répressives étrangères.
264 _a Paris :
_b Librairie De La Société Du Recueil Sirey,
_c1921.
300 _a552 page ;
_c 24 cm.
336 _2rda contenu
_a texte
337 _2rda medias
_aOrdinateur
338 _2 transporteur rda
_a Ressource en ligne
504 _aComprend des références bibliographiques et un index.
650 1 4 _aDroit pénal.
_2qrmak
651 1 _2qrmak
710 _a Léon Tenin, Directeur.
856 4 0 _uhttps://fll.law.cu.edu.eg/fulltext/bks/B10-11245.pdf
905 _a171
942 _2ddc
_cBK
_e21
_n0
999 _c72992
_d72992